00389 2200157 4500001002100000005001500021035002000036245006200056100001400118300001200132260003100144082000800175084001400183020002200197990001200219INLIS00000000000175020250505022300 a0010-05250000421 aPacar Story :bSeberapa Berat Sih Hidup Lo ? /cBret Pitt0 aBret Pitt a256 hlm aBogor :bKubusmedia,c2018 a800 a800 BRE p a978-602-6731-16-6 a0754617